Operational research and systems : the systemic nature of operational research /

Bibliographic Details
Main Author: Keys, Paul, 1954-
Format: Book
Language:English
Published: New York : Plenum Press, [1991]
Series:Contemporary systems thinking.
Subjects:

MARC

Tag First Indicator Second Indicator Subfields
LEADER 00000cam a2200000 a 4500
001 in00001018317
005 20150928092051.0
008 900927s1991 nyua b 00110 eng
010 |a  90019443  
020 |a 0306436426 
035 |a (OCoLC)22544050 
035 |9 AFE6818AM 
040 |a DLC  |c DLC  |d TXA  |d UtOrBLW 
049 |a TXAM 
050 0 0 |a T57.6  |b .K448 1991 
082 0 0 |a 620/.001/1  |2 20 
100 1 |a Keys, Paul,  |d 1954- 
245 1 0 |a Operational research and systems :  |b the systemic nature of operational research /  |c Paul Keys. 
264 1 |a New York :  |b Plenum Press,  |c [1991] 
264 4 |c ©1991 
300 |a xiii, 267 pages :  |b illustrations ;  |c 24 cm. 
336 |a text  |b txt  |2 rdacontent 
337 |a unmediated  |b n  |2 rdamedia 
338 |a volume  |b nc  |2 rdacarrier 
490 1 |a Contemporary systems thinking 
504 |a Includes bibliographical references (pages 253-264) and index. 
650 0 |a Operations research. 
650 0 |a System analysis. 
830 0 |a Contemporary systems thinking. 
999 |a MARS 
999 f f |s 1f9efe1c-b7d3-32f8-ba56-4d22a4bad0b8  |i cc381a3c-c40f-3e22-afd0-3a8e07198617  |t 0 
952 f f |p ric  |a Texas A&M University  |b Rellis Campus  |c Joint Library Facility  |d Remote Storage  |t 0  |e T57.6 .K448 1991  |h Library of Congress classification  |i unmediated -- volume  |m A14814994991 
998 f f |a T57.6 .K448 1991  |t 0  |l Remote Storage